00733nam a22002057a 4500003000400000005001700004008004100021020001800062082001700080100001800097245005100115260004000166300001800206653002300224653001900247942001200266999001700278952011600295952011600411OSt20260219113208.0260219b |||||||| |||| 00| 0 eng d a9788187458135 a320.55bN22A aNauriya, Anil aThe african element in gandhicBy Anil Nauriya aDelhibNational gandhi museumc2006 avi, 116p.bPB aGeneral collection aMahatma gandhi 2ddccBK c29070d29070 00102ddc40708TXBaCURAJbCURAJcCLBd2026-02-19g290.00l0o320.55 N22Ap047785r2026-02-19w2026-02-19yBK 00102ddc40708TXBaCURAJbCURAJcCLBd2026-02-19g290.00l0o320.55 N22Ap047786r2026-02-19w2026-02-19yBK